000
00330nam a2200133Ia 4500
008
240624s9999 xx 000 0 und d
041
_a
eng
082
_a
659.1 BIR
100
_a
BIRD POLLY
245
_a
MARKET RESEARCH IN A WEEK
260
_c
2003
_a
London
_b
Hodder & Stoughton
300
_a
92 : p. : cm. ; 20
365
_c
RS
_b
33
999
_c
11654
_d
11654